000 01030nam a22003137a 4500
003 CHAP
005 20220329134112.0
008 971013s1983 r 00010 d
010 _a15387
011 _a16359
035 _a20438
040 _cCHAP
090 _aTesis
100 0 0 _aHidalgo Cano, Héctor.
_955182
245 _aEstudio preliminar sobre el enraizamiento de estacas de pimienta negra Piper nigrum L. en Tezonapa, Ver.
260 _aMonterrey, N.L. :
_bEl Autor,
_c1983
300 _a51 h.
_b: ilus.
502 _aTesis (Ing. Agr. Parasitólogo) -- Univ. Autónoma de Nuevo León
590 _aALEPH
_b10
_c20130110
_lUCH01
_h1237
590 _aBATCH-UPD
_b10
_c20130110
_lUCH01
_h2147
590 _aBATCH-UPD
_b10
_c20130410
_lUCH01
_h1455
590 _aBATCH-UPD
_b10
_c20130914
_lUCH01
_h1659
590 _aCONVERSION
_b10
_c20130109
_lUCH01
_h1310
650 1 4 _aPimienta negra.
_988115
650 1 4 _aPimienta
_xPropagación.
_988110
901 _aBK
942 _cTESIS
949 _bBC
_cTES
_d-47703
_eTS1
_i20438
_si
999 _c15387
_d15387